[Event "XXXI Moglianoscacchi C"]
[Site "Mogliano Veneto ITA"]
[Date "2010.05.02"]
[Round "4"]
[White "Bergamasco, Tommaso"]
[Black "Ramundi, Lorenzo"]
[Result "1/2-1/2"]
[WhiteElo "1374"]
[BlackElo "1497"]
[PlyCount "66"]
[EventDate "2010.04.30"]

1. e4 e5 2. Nf3 Nc6 3. Bc4 Nf6 4. Ng5 d5 5. exd5 Na5 6. Bb3 h6 7. Nf3 Bd6 8. d3
O-O 9. Nc3 Re8 10. O-O Bg4 11. Re1 c6 12. dxc6 bxc6 13. h3 Bh5 14. Ne4 Nxe4 15.
Rxe4 Kh8 16. Bd2 Nxb3 17. axb3 f5 18. Rea4 e4 19. dxe4 fxe4 20. g4 exf3 21.
gxh5 Bc7 22. Bc3 Qxd1+ 23. Rxd1 Rad8 24. Rad4 Rxd4 25. Bxd4 Rd8 26. Rd2 Re8 27.
Kf1 Rg8 28. Rd3 Rd8 29. Bc3 Rxd3 30. cxd3 Kg8 31. Ke1 Kf7 32. Bd4 Ba5+ 33. Bc3
Bb6 1/2-1/2

[Event "XXXI Moglianoscacchi C"]
[Site "Mogliano Veneto ITA"]
[Date "2010.05.02"]
[Round "4"]
[White "Bressan, Andrea"]
[Black "Borghi, Bruno"]
[Result "0-1"]
[WhiteElo "1476"]
[BlackElo "1523"]
[PlyCount "46"]
[EventDate "2010.04.30"]

1. e4 e5 2. Nf3 Nc6 3. Bb5 a6 4. Bxc6 dxc6 5. O-O f6 6. d4 Bg4 7. c3 Qd7 8. Be3
O-O-O 9. Nbd2 g5 10. h3 Be6 11. dxe5 g4 12. hxg4 Bxg4 13. Qa4 Bh6 14. Bxh6 Nxh6
15. exf6 Rhg8 16. Rfe1 Bxf3 17. Nxf3 Qg4 18. Kf1 Qxg2+ 19. Ke2 Ng4 20. Rf1 Rgf8
21. e5 Nxf6 22. Rg1 Qh3 23. exf6 Rfe8+ 0-1

[Event "XXXI Moglianoscacchi C"]
[Site "Mogliano Veneto ITA"]
[Date "2010.05.02"]
[Round "4"]
[White "Buranelli, Matteo"]
[Black "Stringhetta, Elio"]
[Result "0-1"]
[WhiteElo "1497"]
[BlackElo "1447"]
[PlyCount "124"]
[EventDate "2010.04.30"]

1. e4 c5 2. Nc3 d6 3. g3 Nc6 4. Bg2 Nf6 5. f4 Bg4 6. Bf3 Bxf3 7. Nxf3 e6 8. d3
Be7 9. O-O O-O 10. Qe2 a6 11. Nd1 b5 12. Nf2 Rc8 13. c3 b4 14. Bd2 a5 15. e5
dxe5 16. fxe5 Nd7 17. Bf4 Nb6 18. c4 Nd4 19. Nxd4 cxd4 20. Ne4 Na4 21. Rab1 Nc5
22. Nd6 Bxd6 23. exd6 Rc6 24. Be5 f6 25. Bxd4 Qxd6 26. Bxc5 Qxc5+ 27. Kg2 Rd8
28. Rbd1 e5 29. Rf3 Rcd6 30. h3 Qd4 31. Re3 a4 32. g4 a3 33. b3 Qc3 34. g5 Re8
35. gxf6 Rxf6 36. Rf3 Ref8 37. Rxf6 Rxf6 38. Rd2 Rg6+ 39. Kh2 Qd4 40. Qf2 Qd6
41. Qe3 h6 42. Qe4 Qf6 43. Rg2 Rxg2+ 44. Qxg2 Qf4+ 45. Kg1 Qe3+ 46. Kh1 Qxd3
47. Qd5+ Qxd5+ 48. cxd5 Kf7 49. Kg2 Ke7 50. Kf3 Kd6 51. Ke4 g6 52. h4 h5 53.
Kd3 Kxd5 54. Ke3 e4 55. Ke2 Kd4 56. Kd2 e3+ 57. Ke2 Ke4 58. Ke1 Kd3 59. Kd1 Kc3
60. Ke2 Kb2 61. Kxe3 Kxa2 62. Kd2 Kb2 0-1

[Event "XXXI Moglianoscacchi C"]
[Site "Mogliano Veneto ITA"]
[Date "2010.05.02"]
[Round "4"]
[White "Caoduro, Giacomo"]
[Black "Stefanutti, Piero"]
[Result "0-1"]
[WhiteElo "1452"]
[BlackElo "1422"]
[PlyCount "118"]
[EventDate "2010.04.30"]

1. d4 d5 2. c4 c6 3. Nc3 Nf6 4. Bf4 dxc4 5. e4 b5 6. a3 e6 7. Nf3 Be7 8. Be2
O-O 9. O-O Bb7 10. b3 cxb3 11. Qxb3 Nbd7 12. Rfd1 Nh5 13. Be3 Bd6 14. d5 Qe7
15. dxc6 Bxc6 16. Nd4 Rac8 17. Nxc6 Rxc6 18. Rxd6 Qxd6 19. Bxh5 Qe5 20. Qxb5
Qxc3 21. Rd1 Nb6 22. Bd4 Qc4 23. Qb2 Rfc8 24. Bxg7 Na4 25. Bxf7+ Kxf7 26. Qf6+
Kg8 27. Bh8 R6c7 28. Bg7 Rxg7 29. Rd8+ Rxd8 30. Qxd8+ Kf7 31. Qd7+ Kg6 32. Qe8+
Kh6 33. g3 Qxe4 34. Qf8 Kg6 35. Qe8+ Kh6 36. Qf8 Nc3 37. Qf6+ Rg6 38. Qxc3 Qf5
39. Qe3+ Kg7 40. Qxa7+ Kf6 41. Qd4+ e5 42. Qd6+ Qe6 43. Qd8+ Qe7 44. Qb6+ Kf7
45. Qb3+ Kf8 46. Qb8+ Kg7 47. a4 Rd6 48. Qb3 Rd4 49. Qf3 Qd7 50. Qh5 Rd1+ 51.
Kg2 Qd5+ 52. Kh3 Qe6+ 53. Kg2 Rd4 54. Qg5+ Kh8 55. h4 Rxa4 56. h5 Rg4 57. Qd8+
Rg8 58. Qh4 Qd5+ 59. Kh3 Qh1# 0-1

[Event "XXXI Moglianoscacchi C"]
[Site "Mogliano Veneto ITA"]
[Date "2010.05.02"]
[Round "4"]
[White "Caruso, Gaetano"]
[Black "Monari, Emanuele"]
[Result "1/2-1/2"]
[WhiteElo "1502"]
[BlackElo "1461"]
[PlyCount "29"]
[EventDate "2010.04.30"]

1. d4 Nf6 2. c4 e6 3. Nc3 Bb4 4. Qc2 O-O 5. e3 d5 6. a3 Bxc3+ 7. bxc3 Nbd7 8.
cxd5 exd5 9. Bd3 c5 10. Nf3 Re8 11. O-O b6 12. Re1 Bb7 13. Bb2 Rc8 14. Qa4 Bc6
15. Qc2 1/2-1/2

[Event "XXXI Moglianoscacchi C"]
[Site "Mogliano Veneto ITA"]
[Date "2010.05.02"]
[Round "4"]
[White "De Col, Daniele"]
[Black "Dal Bianco, Nicola"]
[Result "0-1"]
[WhiteElo "1466"]
[BlackElo "1582"]
[PlyCount "86"]
[EventDate "2010.04.30"]

1. Nf3 Nf6 2. d3 Nc6 3. e4 d6 4. h3 g6 5. g3 Bg7 6. Bg2 Be6 7. O-O Qd7 8. Be3
Bxh3 9. c3 Bg4 10. Nbd2 Ne5 11. d4 Nxf3+ 12. Nxf3 Nxe4 13. Qb3 c6 14. Rfe1 O-O
15. Bf4 Nf6 16. Nh2 Be6 17. Qc2 Nd5 18. Bg5 Rae8 19. Qd2 f5 20. Bh6 Rf7 21.
Bxg7 Kxg7 22. Bh3 Nf6 23. Nf3 Ne4 24. Qf4 h6 25. Bg2 Bd5 26. Nd2 e5 27. Qe3 f4
28. gxf4 exf4 29. Qd3 Nf6 30. f3 Rfe7 31. Kf2 g5 32. c4 Bf7 33. b3 g4 34. Ne4
Nxe4+ 35. fxe4 f3 36. Bh1 Bg6 37. Qc3 Rxe4 38. d5+ Kg8 39. Qf6 Qf7 40. Qxd6
Rxe1 41. Rxe1 Rxe1 42. Kxe1 f2+ 43. Kf1 Bd3+ 0-1

[Event "XXXI Moglianoscacchi C"]
[Site "Mogliano Veneto ITA"]
[Date "2010.05.02"]
[Round "4"]
[White "Ferrari, Paolo"]
[Black "Vannini, Daniele"]
[Result "0-1"]
[WhiteElo "1245"]
[BlackElo "1440"]
[PlyCount "120"]
[EventDate "2010.04.30"]

1. g3 c5 2. Bg2 Qc7 3. f4 Nc6 4. Nf3 d6 5. O-O Bd7 6. d3 Qc8 7. Nc3 Bh3 8. Bxh3
Qxh3 9. Nd5 Qd7 10. Qd2 g6 11. Re1 Bg7 12. e4 e6 13. Ne3 Nf6 14. e5 dxe5 15.
fxe5 Nd5 16. Nc4 O-O 17. c3 Qc7 18. Nd6 Nde7 19. Qf4 Nd5 20. Qc4 Nxe5 21. Nxe5
Qxd6 22. d4 Rac8 23. Qb3 b6 24. Nc4 Qe7 25. Ne5 cxd4 26. cxd4 Qc7 27. Qf3 Bxe5
28. dxe5 Qc5+ 29. Kh1 Qe7 30. Bh6 Rfd8 31. h4 Qe8 32. Bg5 Rd7 33. Bf6 Rc2 34.
b3 Rdc7 35. h5 Qc6 36. h6 Nxf6 37. Qxc6 R7xc6 38. exf6 Rd6 39. Rad1 Rxd1 40.
Rxd1 Rc8 41. Rd7 Ra8 42. a4 Kf8 43. b4 Ke8 44. Rd6 Rd8 45. Rc6 Kd7 46. b5 Rc8
47. Kg2 Rxc6 48. bxc6+ Kxc6 49. Kf3 b5 50. a5 Kc5 51. Ke3 Kc4 52. Kd2 Kb4 53.
a6 Ka5 54. Kc3 Kxa6 55. Kb3 Kb6 56. g4 a5 57. g5 Kc5 58. Kc3 a4 59. Kb2 Kc4 60.
Ka3 Kd5 0-1

[Event "XXXI Moglianoscacchi C"]
[Site "Mogliano Veneto ITA"]
[Date "2010.05.02"]
[Round "4"]
[White "Fochesato, Davide"]
[Black "Giacomelli, Enzo"]
[Result "1/2-1/2"]
[WhiteElo "1500"]
[BlackElo "1500"]
[PlyCount "42"]
[EventDate "2010.04.30"]

1. e4 d6 2. Nf3 Nf6 3. Nc3 Bg4 4. Be2 e5 5. d3 Be7 6. Be3 h6 7. Qd2 Bh5 8. h3
Nbd7 9. O-O-O c6 10. d4 O-O 11. dxe5 Nxe5 12. Nxe5 Bxe2 13. Nxf7 Rxf7 14. Qxe2
Nd7 15. g3 b5 16. f4 Qa5 17. Bd2 b4 18. Nb1 Qxa2 19. Bxb4 c5 20. Ba3 Nb6 21.
Nc3 Qe6 1/2-1/2

[Event "XXXI Moglianoscacchi C"]
[Site "Mogliano Veneto ITA"]
[Date "2010.05.02"]
[Round "4"]
[White "Marton, Massimiliano"]
[Black "Lorenzon, Luigi"]
[Result "0-1"]
[WhiteElo "1535"]
[BlackElo "1440"]
[PlyCount "49"]
[EventDate "2010.04.30"]

1. e4 c5 2. Nf3 d6 3. d4 cxd4 4. Nxd4 Nf6 5. Nc3 a6 6. Bg5 e6 7. f4 Be7 8. Qf3
Qc7 9. Bd3 b5 10. a3 Bb7 11. Qh3 Nbd7 12. Bh4 Nc5 13. O-O Ncxe4 14. Rae1 d5 15.
Kh1 Qb6 16. Nxe4 dxe4 17. Bf2 Qd6 18. Be2 O-O 19. Rd1 Qc7 20. Bg3 Rfd8 21. f5
e5 22. Nb3 Qxc2 23. Rc1 Qxe2 24. Bxe5 Rd3 25. g3 0-1

[Event "XXXI Moglianoscacchi C"]
[Site "Mogliano Veneto ITA"]
[Date "2010.05.02"]
[Round "4"]
[White "Minei, Giovanni"]
[Black "Gigovski, Gjore"]
[Result "1-0"]
[WhiteElo "1583"]
[BlackElo "1446"]
[PlyCount "131"]
[EventDate "2010.04.30"]

1. d4 b6 2. Nf3 Bb7 3. e3 e6 4. Nbd2 g6 5. Bd3 Bg7 6. O-O Ne7 7. Qe2 O-O 8. Rd1
d5 9. c3 Nd7 10. e4 c5 11. e5 c4 12. Bc2 Bc8 13. b3 b5 14. a4 cxb3 15. Nxb3
bxa4 16. Rxa4 Qc7 17. Qd3 a5 18. Bb1 Ba6 19. Qc2 Bc4 20. Nbd2 Nb6 21. Ra1 Rfb8
22. h4 Nd7 23. Nxc4 Qxc4 24. Ba2 Qc7 25. h5 Rc8 26. Bd2 Nf5 27. Qd3 Bh6 28.
Bxh6 Nxh6 29. Rac1 Nb6 30. Bb1 Nf5 31. g4 Ng7 32. Kg2 Nc4 33. Rh1 Qe7 34. hxg6
fxg6 35. Rh6 Na3 36. Ba2 Nf5 37. gxf5 gxf5 38. Qe3 Nb5 39. Qg5+ Qg7 40. Qxg7+
Kxg7 41. Rxe6 Rxc3 42. Rxc3 Nxc3 43. Bb3 a4 44. Rc6 Ne4 45. Rc7+ Kh6 46. Bxd5
Ra5 47. Bxe4 fxe4 48. Ne1 a3 49. Rc1 a2 50. Nc2 Ra4 51. Ra1 Kg6 52. f4 Kf5 53.
Kg3 h5 54. Ne3+ Ke6 55. d5+ Ke7 56. f5 Ra3 57. f6+ Ke8 58. Kf2 h4 59. e6 h3 60.
f7+ Kf8 61. Rc1 a1=Q 62. Rc8+ Kg7 63. f8=Q+ Kg6 64. Qg8+ Kf6 65. Qh8+ Ke7 66.
Qd8# 1-0

[Event "XXXI Moglianoscacchi C"]
[Site "Mogliano Veneto ITA"]
[Date "2010.05.02"]
[Round "4"]
[White "Paneghel, Silla"]
[Black "Bottazzi, Leonardo"]
[Result "0-1"]
[WhiteElo "1392"]
[BlackElo "1436"]
[PlyCount "46"]
[EventDate "2010.04.30"]

1. e4 c5 2. Nf3 Nc6 3. d4 e6 4. Be3 d5 5. exd5 exd5 6. dxc5 Nf6 7. Bb5 a6 8.
Ba4 Qa5+ 9. Nc3 Bxc5 10. Bxc5 Qxc5 11. Bb3 Ng4 12. O-O d4 13. Ne4 Qe7 14. Re1
O-O 15. Nxd4 Qc7 16. g3 Rd8 17. c3 b5 18. a3 Nge5 19. Kh1 Bb7 20. Nc5 Nxd4+ 21.
Nxb7 Qxb7+ 22. Kg1 Ndf3+ 23. Kf1 Rxd1 0-1

[Event "XXXI Moglianoscacchi C"]
[Site "Mogliano Veneto ITA"]
[Date "2010.05.02"]
[Round "4"]
[White "Ramundi, Claudia"]
[Black "Ballico, Sergio"]
[Result "1-0"]
[WhiteElo "1413"]
[BlackElo "1461"]
[PlyCount "41"]
[EventDate "2010.04.30"]

1. e4 c5 2. Nf3 Nc6 3. d4 e6 4. Nc3 cxd4 5. Nxd4 e5 6. Nf3 Nf6 7. Bc4 h6 8. O-O
Bc5 9. Re1 O-O 10. Be3 b6 11. a3 Bb7 12. b4 Bxe3 13. Rxe3 d6 14. Qd2 Qe7 15.
Rd1 Rfd8 16. Nb5 Ne8 17. Rd3 Kf8 18. Nxd6 Rxd6 19. Rxd6 Nxd6 20. Qxd6 Rd8 21.
Qxe7+ 1-0

[Event "XXXI Moglianoscacchi C"]
[Site "Mogliano Veneto ITA"]
[Date "2010.05.02"]
[Round "4"]
[White "Rossi, Aldo V."]
[Black "Licandro, Michele"]
[Result "0-1"]
[WhiteElo "1398"]
[BlackElo "1517"]
[PlyCount "130"]
[EventDate "2010.04.30"]

1. c4 e5 2. Nc3 Nf6 3. Nf3 d6 4. e3 Be6 5. Be2 Be7 6. O-O O-O 7. d4 e4 8. Nd2
Bf5 9. f3 exf3 10. Nxf3 Ne4 11. Nxe4 Bxe4 12. Bd3 f5 13. Qe2 c6 14. b3 d5 15.
Bb2 Nd7 16. c5 Qc7 17. Bxe4 dxe4 18. Nd2 Rae8 19. Kh1 b5 20. b4 Bg5 21. g3 Qc8
22. Rf2 Nf6 23. Nf1 Nd5 24. a3 Qe6 25. h4 Qh6 26. Rh2 Bxe3 27. Nxe3 Qxe3 28.
Qxe3 Nxe3 29. a4 bxa4 30. Rxa4 Nf1 31. Rg2 Rf7 32. Ra1 Ne3 33. Re2 Nd5 34. Ba3
f4 35. gxf4 Rxf4 36. Rh2 Re7 37. Rg1 e3 38. Re1 Rf2 39. Bc1 Rxh2+ 40. Kxh2 Re4
41. Kg3 e2 42. Bd2 h5 43. Kf3 Rxh4 44. Rxe2 Rxd4 45. Be1 Nxb4 46. Re8+ Kh7 47.
Re6 a5 48. Bxb4 axb4 49. Rxc6 Rc4 50. Rb6 Rc3+ 51. Kg2 b3 52. c6 Rc2+ 53. Kg3
b2 54. Kh4 Kh6 55. c7+ g6 56. Rxb2 Rxc7 57. Rb6 Rc4+ 58. Kh3 h4 59. Rb1 Kh5 60.
Rg1 g5 61. Kh2 g4 62. Rg2 h3 63. Rg1 Kh4 64. Re1 g3+ 65. Kh1 Rf4 0-1

[Event "XXXI Moglianoscacchi C"]
[Site "Mogliano Veneto ITA"]
[Date "2010.05.02"]
[Round "4"]
[White "Serradura, Gianluca"]
[Black "Pomponio, Stefano"]
[Result "1-0"]
[WhiteElo "1358"]
[BlackElo "1569"]
[PlyCount "56"]
[EventDate "2010.04.30"]

1. Nf3 Nf6 2. g3 Nc6 3. Bg2 e5 4. d3 d5 5. O-O Bd6 6. Nbd2 O-O 7. e4 Re8 8.
exd5 Nxd5 9. Nc4 Bc5 10. Re1 f6 11. c3 Bg4 12. Qb3 Be6 13. Qxb7 Qd7 14. Qb3 Nb6
15. Nfd2 Rab8 16. Qc2 Bf5 17. Ne4 Bxe4 18. Bxe4 Nxc4 19. dxc4 g6 20. Rd1 Bd6
21. c5 f5 22. Bd5+ Kh8 23. cxd6 cxd6 24. Bg5 Kg7 25. Qd3 Rb6 26. Be3 f4 27.
Bxb6 axb6 28. Bxc6 Qxc6 1-0

[Event "XXXI Moglianoscacchi C"]
[Site "Mogliano Veneto ITA"]
[Date "2010.05.02"]
[Round "4"]
[White "Simonetto, Adriano"]
[Black "Aprile, Massimo"]
[Result "1/2-1/2"]
[WhiteElo "1542"]
[BlackElo "1476"]
[PlyCount "42"]
[EventDate "2010.04.30"]

1. d4 Nf6 2. c4 d6 3. Nc3 g6 4. e4 Nbd7 5. Nf3 Bg7 6. g3 O-O 7. Bg2 e5 8. O-O
exd4 9. Nxd4 Ne5 10. Qb3 Rb8 11. Bf4 Bd7 12. Rad1 Nh5 13. Bxe5 Bxe5 14. Nf3 Bg7
15. Rd2 Bh6 16. Re2 Bg7 17. Rfe1 Re8 18. e5 dxe5 19. Nxe5 Bxe5 20. Rxe5 Rxe5
21. Rxe5 c6 1/2-1/2

[Event "XXXI Moglianoscacchi C"]
[Site "Mogliano Veneto ITA"]
[Date "2010.05.02"]
[Round "4"]
[White "Sorrentino, Francesco"]
[Black "Giancristofaro, Luca"]
[Result "0-1"]
[WhiteElo "1428"]
[BlackElo "1536"]
[PlyCount "92"]
[EventDate "2010.04.30"]

1. d4 d5 2. Nf3 Nf6 3. c4 e6 4. Bg5 Nbd7 5. e3 c6 6. c5 Be7 7. Bxf6 Bxf6 8. Bd3
O-O 9. h4 g6 10. Qc2 e5 11. dxe5 Nxe5 12. Nxe5 Bxe5 13. Nd2 Re8 14. O-O-O Be6
15. h5 Kg7 16. hxg6 hxg6 17. f4 Bg4 18. fxe5 Bxd1 19. Qxd1 Rxe5 20. Qg4 Rg5 21.
Qd4+ f6 22. Qh4 Rh5 23. Qe1 Rxh1 24. Qxh1 Qe7 25. Nb3 Qxe3+ 26. Kc2 Qf2+ 27.
Kc3 b6 28. Qh3 f5 29. Qf3 Qe1+ 30. Kc2 Qe5 31. g4 Qh2+ 32. Kc3 f4 33. Nd4 bxc5
34. Nxc6 d4+ 35. Kb3 Qg3 36. Qe2 Qe3 37. Kc4 Qxe2 38. Bxe2 Re8 39. Bd3 Re3 40.
Nxa7 f3 41. Bf1 Re1 42. Bd3 Rc1+ 43. Kd5 c4 44. Bxc4 Rxc4 45. Kxc4 f2 46. Kxd4
f1=Q 0-1

[Event "XXXI Moglianoscacchi C"]
[Site "Mogliano Veneto ITA"]
[Date "2010.05.02"]
[Round "4"]
[White "Stradiotto, Angelo"]
[Black "Testolin, Marco"]
[Result "1-0"]
[WhiteElo "1461"]
[BlackElo "1386"]
[PlyCount "91"]
[EventDate "2010.04.30"]

1. Nf3 Nc6 2. d4 d5 3. c4 e6 4. Bf4 Bb4+ 5. Nbd2 h6 6. Qa4 Bxd2+ 7. Bxd2 Bd7 8.
Qb3 Rb8 9. cxd5 exd5 10. Qxd5 Be6 11. Qc5 Nf6 12. e3 Ne4 13. Qc2 Nxd2 14. Qxd2
O-O 15. Bd3 Re8 16. O-O Bd5 17. Ne1 b6 18. f3 Qe7 19. e4 Qb4 20. Qxb4 Nxb4 21.
exd5 Nxd5 22. Rc1 Re7 23. Nc2 Nf4 24. Ba6 b5 25. Rfe1 Rd7 26. Re4 Ne6 27. b3
Rb6 28. Bc8 Re7 29. d5 Re8 30. Bd7 Re7 31. dxe6 fxe6 32. Rd1 Ra6 33. Bxb5 Rxa2
34. Nd4 a6 35. Bc4 Kh8 36. Nxe6 c5 37. Rd8+ Kh7 38. Nf8+ Kh8 39. Ng6+ Kh7 40.
Nxe7 Ra1+ 41. Kf2 Ra2+ 42. Kg3 a5 43. Bd3 Rxg2+ 44. Kxg2 a4 45. Rf4+ g6 46.
Rf7# 1-0

[Event "XXXI Moglianoscacchi C"]
[Site "Mogliano Veneto ITA"]
[Date "2010.05.02"]
[Round "5"]
[White "Aprile, Massimo"]
[Black "Bergamasco, Tommaso"]
[Result "1-0"]
[WhiteElo "1476"]
[BlackElo "1374"]
[PlyCount "65"]
[EventDate "2010.04.30"]

1. Nf3 d5 2. d3 Nc6 3. g3 Bf5 4. Bg2 Nf6 5. Nbd2 e6 6. O-O Bc5 7. Re1 Ng4 8. e3
O-O 9. h3 Nf6 10. Nh4 Bg6 11. Nxg6 fxg6 12. c3 Nd7 13. d4 Bd6 14. e4 dxe4 15.
Nxe4 Qe7 16. Bg5 Qf7 17. Qd2 h6 18. Nxd6 cxd6 19. Bf4 d5 20. Re2 g5 21. Bd6 Nb6
22. Bxf8 Nc4 23. Qc2 Rxf8 24. Rae1 Nd8 25. b3 Na3 26. Qc1 Nb5 27. Qd2 Nc7 28.
Re3 Ne8 29. c4 dxc4 30. bxc4 Nd6 31. Qe2 b6 32. d5 exd5 33. Bxd5 1-0

[Event "XXXI Moglianoscacchi C"]
[Site "Mogliano Veneto ITA"]
[Date "2010.05.02"]
[Round "5"]
[White "Baldizzi, Riccardo"]
[Black "Caoduro, Giacomo"]
[Result "1-0"]
[WhiteElo "1287"]
[BlackElo "1452"]
[PlyCount "60"]
[EventDate "2010.04.30"]

1. e4 e5 2. Nf3 Nc6 3. d4 exd4 4. Bc4 Nf6 5. O-O Bc5 6. Bg5 O-O 7. e5 d5 8.
Bxd5 Qxd5 9. exf6 h6 10. fxg7 Kxg7 11. Bf4 Bd6 12. Bxd6 Qxd6 13. c3 Bg4 14.
cxd4 Nxd4 15. Qxd4+ Qxd4 16. Nxd4 Kh7 17. f3 Bh5 18. g4 Bg6 19. Nc3 Rg8 20.
Rfe1 Bh5 21. h3 Raf8 22. Ne4 f6 23. Kf2 Bg6 24. Ne6 Rf7 25. h4 Kh8 26. h5 Bh7
27. Rad1 Re7 28. Nxf6 Rc8 29. Nxh7 Kxh7 30. Ng5+ hxg5 1-0

[Event "XXXI Moglianoscacchi C"]
[Site "Mogliano Veneto ITA"]
[Date "2010.05.02"]
[Round "5"]
[White "Borghi, Bruno"]
[Black "Bellon, Antonio"]
[Result "1/2-1/2"]
[WhiteElo "1523"]
[BlackElo "1467"]
[PlyCount "97"]
[EventDate "2010.04.30"]

1. e4 e5 2. Nf3 Nc6 3. d4 exd4 4. Nxd4 Nf6 5. Nc3 Bb4 6. Nxc6 bxc6 7. Bd3 O-O
8. Bg5 d5 9. O-O Be7 10. exd5 cxd5 11. Re1 c6 12. Qe2 Be6 13. a3 h6 14. Bh4 Re8
15. Bg3 Bg4 16. Qd2 Nh5 17. f3 Be6 18. Bf2 c5 19. Bb5 Bg5 20. Qd1 Re7 21. Bxc5
Rc7 22. b4 Bf6 23. Qd2 Rxc5 24. bxc5 Qa5 25. Ne4 Qxb5 26. Nxf6+ Nxf6 27. Qb4
Qc6 28. c3 Nd7 29. Rab1 Nxc5 30. Qb5 Qd6 31. a4 Bd7 32. Qe2 Re8 33. Qc2 Rxe1+
34. Rxe1 Bxa4 35. Qf5 Bd7 36. Qb1 a5 37. Rd1 a4 38. Qb4 Kf8 39. Qd4 Nb3 40.
Qxd5 Qb6+ 41. Kh1 Bc6 42. Qd6+ Kg8 43. Re1 Kh7 44. Re7 Qa6 45. h3 a3 46. c4
Qxc4 47. Qxa3 Qf1+ 48. Kh2 Bxf3 49. Qb2 1/2-1/2

[Event "XXXI Moglianoscacchi C"]
[Site "Mogliano Veneto ITA"]
[Date "2010.05.02"]
[Round "5"]
[White "Bottazzi, Leonardo"]
[Black "Fochesato, Davide"]
[Result "1/2-1/2"]
[WhiteElo "1436"]
[BlackElo "1500"]
[PlyCount "43"]
[EventDate "2010.04.30"]

1. d4 f5 2. c4 Nf6 3. Nc3 e6 4. Nf3 c6 5. e3 Be7 6. Bd3 O-O 7. O-O d5 8. b3 Qe8
9. Qc2 Qh5 10. cxd5 exd5 11. h3 Kh8 12. Ne2 Rg8 13. Ng3 Qf7 14. Nxf5 Bxf5 15.
Bxf5 g6 16. Ne5 Qg7 17. Bd3 Nbd7 18. Bb2 Rae8 19. f3 Bd6 20. Ng4 Nxg4 21. fxg4
Rxe3 22. Qd2 1/2-1/2

[Event "XXXI Moglianoscacchi C"]
[Site "Mogliano Veneto ITA"]
[Date "2010.05.02"]
[Round "5"]
[White "Dal Bianco, Nicola"]
[Black "Buranelli, Matteo"]
[Result "1-0"]
[WhiteElo "1582"]
[BlackElo "1497"]
[PlyCount "83"]
[EventDate "2010.04.30"]

1. c4 c6 2. Nc3 Nf6 3. e4 e5 4. Nf3 d6 5. Be2 Be7 6. O-O O-O 7. b3 c5 8. a3 Nc6
9. Rb1 Nd4 10. b4 Nxe2+ 11. Qxe2 b6 12. d3 h6 13. Be3 Bg4 14. b5 Be6 15. a4 Ng4
16. Bd2 f5 17. exf5 Bxf5 18. h3 Nf6 19. Nh4 Bh7 20. Rbe1 Rf7 21. Nf3 Qd7 22.
Nh2 Raf8 23. f4 Bd8 24. g4 Bc7 25. f5 d5 26. Qg2 dxc4 27. dxc4 Qd4+ 28. Kh1 Rd7
29. Nf3 Qxc4 30. g5 e4 31. gxf6 exf3 32. Rxf3 Rxf6 33. Re8+ Kf7 34. Re4 Rd4 35.
Rff4 Rxe4 36. Rxe4 Qd3 37. Nd5 Bd6 38. Nxf6 Kxf6 39. Re3 Qc4 40. Re6+ Kxf5 41.
Rxd6 Qxa4 42. Qd5# 1-0

[Event "XXXI Moglianoscacchi C"]
[Site "Mogliano Veneto ITA"]
[Date "2010.05.02"]
[Round "5"]
[White "Di Fresco, Michele"]
[Black "Bressan, Andrea"]
[Result "0-1"]
[WhiteElo "1518"]
[BlackElo "1476"]
[PlyCount "85"]
[EventDate "2010.04.30"]

1. e4 d6 2. d4 Nf6 3. Nc3 g6 4. Be3 Bg7 5. f3 Nbd7 6. Qd2 c6 7. Nge2 Nb6 8. Ng3
Be6 9. O-O-O Nc4 10. Bxc4 Bxc4 11. h4 h5 12. Qf2 Qa5 13. a3 b5 14. Bd2 b4 15.
Nb1 Qb6 16. Bxb4 O-O 17. Nf1 Rab8 18. Nh2 Nd7 19. Nd2 Bxd4 20. Nxc4 Bxb2+ 21.
Nxb2 Qxf2 22. g4 Qxh4 23. gxh5 Qxh5 24. Ng4 Qb5 25. Nh6+ Kg7 26. f4 Rh8 27.
Nf5+ Kg8 28. Nxe7+ Kg7 29. Bc3+ Nf6 30. Nf5+ gxf5 31. Rdg1+ Kf8 32. Rxh8+ Ke7
33. Rxb8 Qxb8 34. e5 Ne4 35. exd6+ Qxd6 36. Nd3 Nxc3 37. Kb2 Nd5 38. Re1+ Kf6
39. Rh1 Nxf4 40. Rh6+ Ng6 41. Rh1 Qd4+ 42. Kb3 Qd5+ 43. Kc3 0-1

[Event "XXXI Moglianoscacchi C"]
[Site "Mogliano Veneto ITA"]
[Date "2010.05.02"]
[Round "5"]
[White "Giancristofaro, Luca"]
[Black "Lorenzon, Luigi"]
[Result "1-0"]
[WhiteElo "1536"]
[BlackElo "1440"]
[PlyCount "105"]
[EventDate "2010.04.30"]

1. e4 c5 2. Nf3 d6 3. d4 cxd4 4. Nxd4 Nf6 5. Nc3 a6 6. Be2 e6 7. Bg5 Be7 8. O-O
b5 9. a3 Bb7 10. Qd3 Nbd7 11. b4 Rc8 12. a4 bxa4 13. Rxa4 O-O 14. Bf3 Ne5 15.
Qe3 Qc7 16. Nce2 Nc4 17. Qc3 Bxe4 18. Bxf6 Bxf6 19. Bxe4 d5 20. Bxh7+ Kxh7 21.
Qd3+ g6 22. Rxa6 Ne5 23. Qh3+ Kg7 24. Rxe6 Rh8 25. Qg3 Nf3+ 26. gxf3 Qxg3+ 27.
fxg3 fxe6 28. Nxe6+ Kf7 29. Nc5 Ra8 30. Nb3 Ra2 31. Rc1 Rb8 32. Nf4 Bg5 33. c3
Bxf4 34. gxf4 Rh8 35. Ra1 Raxh2 36. Ra7+ Kf6 37. Nd4 Rb2 38. Ra6+ Ke7 39. Nc6+
Kd7 40. Ne5+ Kc7 41. Rxg6 Ra8 42. Rg2 Rb1+ 43. Kf2 Ra2+ 44. Kg3 Raa1 45. f5 Rc1
46. Kf4 Rxc3 47. Rg7+ Kb6 48. f6 Ra4 49. f7 Rxb4+ 50. Kg5 Rc8 51. Rg8 Rc1 52.
f8=Q Rg1+ 53. Kf5 1-0

[Event "XXXI Moglianoscacchi C"]
[Site "Mogliano Veneto ITA"]
[Date "2010.05.02"]
[Round "5"]
[White "Gigovski, Gjore"]
[Black "Vuckovic, Dimitrije"]
[Result "1-0"]
[WhiteElo "1446"]
[BlackElo "1577"]
[PlyCount "23"]
[EventDate "2010.04.30"]

1. d4 Nf6 2. Bf4 g6 3. e3 Bg7 4. Nf3 d6 5. Bd3 c5 6. c3 Qb6 7. Qd2 cxd4 8. cxd4
Nd5 9. Bg3 Nc6 10. O-O O-O 11. Nc3 Bg4 12. Ng5 {...} 1-0

[Event "XXXI Moglianoscacchi C"]
[Site "Mogliano Veneto ITA"]
[Date "2010.05.02"]
[Round "5"]
[White "Greco, Alvise"]
[Black "Barp, Alberto"]
[Result "0-1"]
[WhiteElo "1365"]
[BlackElo "1491"]
[PlyCount "60"]
[EventDate "2010.04.30"]

1. d4 c6 2. c4 d5 3. Nf3 Bf5 4. Nc3 e6 5. Bg5 Nf6 6. h3 h6 7. Bh4 Bd6 8. cxd5
exd5 9. e3 Nbd7 10. Bd3 Bxd3 11. Qxd3 O-O 12. O-O Re8 13. Rfe1 Qc7 14. Rac1 Ne4
15. Nxd5 Qa5 16. Nc3 Nxc3 17. Qxc3 Qxa2 18. Ra1 Qe6 19. Qd3 f5 20. Ra5 Rf8 21.
e4 Bb4 22. exf5 Qf7 23. Ne5 Nxe5 24. Raxe5 Bxe1 25. f6 Bxf2+ 26. Bxf2 Rfe8 27.
Rf5 g6 28. Rf3 Rad8 29. Rg3 Kh7 30. Rxg6 Qxg6 0-1

[Event "XXXI Moglianoscacchi C"]
[Site "Mogliano Veneto ITA"]
[Date "2010.05.02"]
[Round "5"]
[White "Licandro, Michele"]
[Black "Buso, Gianluca"]
[Result "1/2-1/2"]
[WhiteElo "1517"]
[BlackElo "1395"]
[PlyCount "23"]
[EventDate "2010.04.30"]

1. d4 f5 2. Bf4 e6 3. Nf3 d5 4. e3 Nf6 5. Ne5 Bd6 6. Bg5 O-O 7. Nd2 Nbd7 8. f4
Qe8 9. Bd3 Bxe5 10. dxe5 Ne4 11. Nxe4 fxe4 12. Be2 1/2-1/2

[Event "XXXI Moglianoscacchi C"]
[Site "Mogliano Veneto ITA"]
[Date "2010.05.02"]
[Round "5"]
[White "Monari, Emanuele"]
[Black "De Col, Daniele"]
[Result "1/2-1/2"]
[WhiteElo "1461"]
[BlackElo "1466"]
[PlyCount "30"]
[EventDate "2010.04.30"]

1. e4 d5 2. exd5 Qxd5 3. Nc3 Qa5 4. d4 Nf6 5. Bf4 Bf5 6. Bc4 e6 7. a3 Nbd7 8.
Nf3 Ne4 9. Bd2 Nxd2 10. Nxd2 O-O-O 11. O-O Nf6 12. Ne2 Qb6 13. Nf3 Bg4 14. Ne5
Bh5 15. b4 Bd6 1/2-1/2